| 000 | 00598nam a2200205 u 4500 | ||
|---|---|---|---|
| 005 | 20210223131309.0 | ||
| 008 | 100531s2005 r 000 0 eng d | ||
| 020 | _a9507540377 | ||
| 035 | _aUPN01000176207 | ||
| 049 | _aCG | ||
| 050 | 4 |
_aD70 _bR6.2 2005 |
|
| 100 | 1 |
_aRosaspini Reynolds, Roberto C., _d1940-2003 _931005 |
|
| 245 | 1 | 4 |
_aLos celtas : _bmagia, mitos y tradición / _cRoberto C. Rosaspini Reynolds. |
| 250 | _a11a ed. | ||
| 260 |
_aBuenos Aires : _bContinente, _c2005. |
||
| 300 |
_a188 p. : _bil. |
||
| 650 | 4 |
_aCELTAS _96541 |
|
| 650 | 4 |
_aMITOLOGIA CELTA _912700 |
|
| 905 | _aLibro | ||
| 999 |
_c148310 _d148310 |
||